000
002740000a22000970004500
100
1
_a
Hamilton, Tim
245
1
0
_a
Remembering the poor : Your credit card can be more just a convenient way to pay
300
_a
Num. 8 (1999), Páginas 26-27
773
0
_t
Teartimes
942
_c
ANA
999
_c
55858
_d
55858